| 000 | 00444nam a2200157Ia 4500 | ||
|---|---|---|---|
| 005 | 20250508153518.0 | ||
| 008 | 008 250505s9999 xx 000 0 hin d | ||
| 037 | _aBooks to be hide in OPAC | ||
| 040 |
_aFEDL _beng _cFEDL |
||
| 041 |
_ahin _2eng |
||
| 084 |
_a305.2, UTT/O _qFEDL |
||
| 245 | 0 | _aHamare bacche | |
| 260 |
_aUttar Pradesh, India _bShiksha Prasar Vibhag |
||
| 942 |
_cHB _h305.2, UTT/O |
||
| 999 |
_c1343404 _d1343404 |
||